Bienvenue à la Médiathèque de Saint-Andiol
banniere
Accueil Recherche avancée Mon compte
handi1 Rechercher dans le catalogue

Filtre   Mots-clés
  Recherche avancée
 
Lister les dernières nouveautés
 
Lister les livres GROS CARACTERES
 
Lister les périodiques (magazines)

handi1 ami des jardins (L') [ 1185 ]

et de la maison

Book Cover
Titre : ami des jardins (L') [ 1185 ]
Support : Livres
Langue : Francais
Publié : 2025 Reworld media
Genre : Revues et magazines
Sujets :
Étiquettes :
Pas de tags
LEADER 00708nas0a2200229 450
001 16867871
011 |b Br.  |d 4,9 € 
100 |a 20260313d2025 u u0frey01 ba 
101 0 |a fre 
102 |a FR 
110 0 |a auu 0uu0 
200 0 |a ami des jardins (L') [ 1185 ]  |e et de la maison  |f Christophe Ledeux 
207 1 |a  1185 
210 |c Reworld media  |d 2025 
215 |a 114 p.  |d 21x28 cm 
464 |a 45 vivaces à planter 
464 |a Fleurir facilement un petit jardin de ville 
464 |a Tondeuses: les meilleurs modèles 
676 |a 070.17 
900 |a Revues et magazines 
901 |a Adultes 
995 |a Médiathèque  |c Médiathèque  |f 089021780  |h 089021780  |k 070.17 AMI 1185  |o p  |q a  |r az  |e Médiathèque